000 00471nam a2200181Ia 4500
008 090124s9999 xx 000 0 und d
082 _b29886
100 _aओक जनार्दन
245 _a माग
250 _a0
260 _bश्रद्धा प्रकाशन
_c1991
300 _a156
600 _aओक जनार्दन
630 _a माग
700 _aओक जनार्दन
730 _a माग
942 _cBOOK
999 _c95070
_d95070